Game of Thrones Characters by picture (S2) - Statistics

General Stats
  • This quiz has been taken 185 times
  • The average score is 12 of 16
Answer Stats
Picture Answer % Correct
Theon Greyjoy
92%
Tywin Lannister
90%
Samwell Tarly
89%
Brienne of Tarth
88%
Stannis Baratheon
87%
Bronn
84%
Jorah Mormont
80%
Renly Baratheon
79%
Davos Seaworth
76%
Melisandre
76%
Shae
74%
Gilly
71%
Loras Tyrell
66%
Olenna Tyrell
66%
Gendry
60%
Hot Pie
48%
No matching quizzes found
Score Distribution
Percent of People with Each Score
Percentile by Number Answered
Your Score History
You have not taken this quiz